000 00509cam a22001931 4500
001 af 48004729
003 DLC
005 20260227110909.0
008 890505s1943 be 000 1 dut c
010 _aaf 48004729
035 _a(OCoLC)19667078
040 _aCalifornia. Univ. Libr.
_cCU
_dDLC
042 _apremarc
050 0 0 _aPT6436.L43
_bS8
100 1 _aLeynen, Hubert,
_d1909-
245 1 3 _aDe stem van het bloed,
_broman.
260 _aBrussel,
_bUitgeverij Ignis,
_c1943.
300 _a316 p.
_c19 cm.
999 _c6191
_d6191